000 00439nam a2200181Ia 4500
005 20240823055155.0
008 240823s9999||||xx |||||||||||||| ||und||
041 _aENGLISH
082 _A515.35 Q3
100 _aAmritasu Sinha
245 0 _aApplied Differential Equations
250 _a2nd
260 _c2013
_bNarosa Publishing
500 _aYES
650 _aDifferential Eduations
_bMathematics
942 _cBK
999 _c228160
_d228160